Entrepreneurial Development Studies (Record no. 3350)

MARC details
000 -LEADER
fixed length control field 00389nam a22001457a 4500
008 - FIXED-LENGTH DATA ELEMENTS--GENERAL INFORMATION
fixed length control field 250507b |||||||| |||| 00| 0 eng d
020 ## - INTERNATIONAL STANDARD BOOK NUMBER
ISBN 9782528951
100 ## - MAIN ENTRY--AUTHOR
Author Lawal Sanusi
245 ## - TITLE STATEMENT
Title Entrepreneurial Development Studies
260 ## - PUBLICATION, DISTRIBUTION, ETC. (IMPRINT)
Place of publication Zaria
Name of publisher Abu Press Ltd
Date of publication 2019
300 ## - COLLATION
Pagination xii,150p.
650 ## - TRACINGS
Main Subject Entrepreneurship
Subdivision (1st) New Business Enterprise
942 ## - ADDED ENTRY ELEMENTS (KOHA)
Item type Books
050 ## - LIBRARY OF CONGRESS CALL NUMBER
Classification number HD62.5
Item number .L39
Holdings
Source of classification or shelving scheme Not for loan Permanent location Current location Date acquired Accession No. Full call number Barcode. Koha item type
Library of Congress Classification   Samuel Ogbemudia Main Library, University of Abuja Samuel Ogbemudia Main Library, University of Abuja 05/07/2025 2019/54741 HD62.5.L39 2025-1813 Books